000
00212 a2200097 4500
001
7808
100
_a
Mckitterick, T E M
245
_a
Fabian international essays
260
_a
_b
Hogarth
_c
090
_c
6257
_d
6257
942
_a
NUST-CAE
_c
M
_c
32775
999
_c
242881
_d
242881